Els Galceran de Prats de Lluçanès : Idealistes, herois o bandolers? / Idealistes, herois o bandolers? /
ISBN:
9788412196894
Descripción Física:
198 pàgines ; il·lustracions en color i en blanc i negre ; 23 cm
Materias:
Galceran (Família)
; Prats de Lluçanès (Catalunya) -- Història -- 1833-1876, Guerres Carlines
; Espanya -- Història -- 1833-1876, Guerres Carlines
Idioma:
Catalán
MARC
| LEADER | 00000nam a22000007a 4500 | ||
|---|---|---|---|
| 001 | 28032 | ||
| 003 | Arxiu | ||
| 005 | 20260324181519.0 | ||
| 008 | 230703b spa||||| |||| 00| 0 cat d | ||
| 017 | |a B 16576-2021 |b Biblioteca de Catalunya | ||
| 020 | |a 9788412196894 | ||
| 040 | |a agdb |b cat | ||
| 100 | 1 | |a Abellán, Joan Anton, |d 1955- |9 69740 | |
| 245 | |a Els Galceran de Prats de Lluçanès : |b Idealistes, herois o bandolers? / |c Joan Antón Abellán | ||
| 250 | |a 1a edició : |b octubre de 2021 | ||
| 260 | |a Prats de Lluçanès : |b Editorial Cal Siller : |b Ajuntament de Prats de Lluçanès ; |c 2021 | ||
| 300 | |a 198 pàgines ; |b il·lustracions en color i en blanc i negre ; |c 23 cm | ||
| 504 | |a Bibliografia a les pàgines 193-198 | ||
| 600 | 3 | 0 | |9 69738 |a Galceran (Família) |
| 651 | 0 | |9 69739 |a Prats de Lluçanès (Catalunya) |x Història |y 1833-1876, Guerres Carlines | |
| 651 | 0 | |9 55577 |a Espanya |x Història |y 1833-1876, Guerres Carlines | |
| 942 | |2 udc |c ARXIU |n 1 | ||
| 952 | |0 0 |1 0 |2 udc |4 0 |6 BIB1089 |7 1 |9 95900 |a Arxiu |b Arxiu |d 2023-07-03 |l 0 |o Bib-1089 |p 28032 |r 2023-07-03 00:00:00 |w 2023-07-03 |y ARXIU | ||
| 999 | |c 127929 |d 127929 | ||